000 00382nam a2200157Ia 4500
008 151213s9999 xx 000 0 und d
100 _aM.H. Abroms
245 _aGlossary Of Literary Terms
_cM.H. Abroms
250 _a3rd
260 _aIndia
_bMacmillan
_c1970
300 _a4650 p.
650 _aEnglish
650 _aEnglish Literature
700 _aM.H. Abroms
999 _c2997
_d2997